[Event "Cherkessk Habez"]
[Site "Cherkessk"]
[Date "2014.07.18"]
[Round "9"]
[White "Kiselev, Vitaliy1111"]
[Black "Carapetuan, Kopiu"]
[Result "1-0"]
[WhiteElo "2514"]
[BlackElo "2257"]
[PlyCount "49"]
[EventDate "2014.07.11"]
[EventType "tourn"]
[EventRounds "9"]
[EventCountry "RUS"]
[EventCategory "7"]
[SourceTitle "CBM 161 Extra"]
[Source "ChessBase"]
[SourceDate "2014.08.29"]
[SourceVersion "1"]
[SourceVersionDate "2014.08.29"]
[SourceQuality "1"]

1. d4 d6 2. e4 Nf6 3. Nc3 e5 4. Nf3 Nbd7 5. g4 Nxg4 6. Rg1 Ngf6 7. Bc4 h6 8. dxe5 dxe5 9. Qd3 c6 10. Be3 b5 11. Bb3 a5 12. a4 b4 13. Qc4 Qe7 14. Qxc6 Rb8 15. Nb5 Bb7 16. Qc7 Bxe4 17. 0-0-0 Bxf3 18. Nd6+ Qxd6 19. Rxd6 Bxd6 20. Qxd6 g6 21. Bc5 Kd8 22. Qe7+ Kc8 23. Bxf7 Be4 24. Be6 Rh7 25. Qxf6 1-0

[Event "Cherkessk Habez"]
[Site "Cherkessk"]
[Date "2014.07.12"]
[Round "1"]
[White "Carapetuan, Kopiu"]
[Black "Bagrationi, Alexander"]
[Result "0-1"]
[WhiteElo "2257"]
[BlackElo "2487"]
[PlyCount "42"]
[EventDate "2014.07.11"]
[EventType "tourn"]
[EventRounds "9"]
[EventCountry "RUS"]
[EventCategory "7"]
[SourceTitle "CBM 161 Extra"]
[Source "ChessBase"]
[SourceDate "2014.08.29"]
[SourceVersion "1"]
[SourceVersionDate "2014.08.29"]
[SourceQuality "1"]

1. d4 d5 2. Nf3 Nf6 3. c4 dxc4 4. Qa4+ c6 5. Qxc4 Bf5 6. Nc3 e6 7. g3 Nbd7 8. Bg2 Be7 9. 0-0 0-0 10. Rd1 Bc2 11. e3 Bxd1 12. Nxd1 c5 13. Nc3 Rc8 14. Qe2 Qb6 15. dxc5 Nxc5 16. b3 Nxb3 17. axb3 Rxc3 18. Bb2 Rxb3 19. Bd4 Rb1+ 20. Rxb1 Qxb1+ 21. Bf1 a5 0-1

[Event "Azov Ivanov Memorial-B"]
[Site "Azov"]
[Date "2006.12.??"]
[Round "2"]
[White "Carapetuan, Kopiu"]
[Black "Kiselev, Vitaliy1111"]
[Result "1/2-1/2"]
[WhiteElo "2122"]
[BlackElo "2416"]
[PlyCount "43"]
[EventDate "2006.12.10"]
[EventType "tourn"]
[EventRounds "17"]
[EventCountry "RUS"]
[SourceTitle "EXT 2019"]
[Source "ChessBase"]
[SourceDate "2018.10.10"]
[SourceVersion "1"]
[SourceVersionDate "2018.10.10"]
[SourceQuality "1"]

1. e4 e5 2. Nf3 Nf6 3. Nxe5 d6 4. Nxf7 Kxf7 5. d4 Qe8 6. Bd3 c5 7. 0-0 cxd4 8. f4 Nc6 9. e5 dxe5 10. fxe5 Nxe5 11. Qh5+ g6 12. Qh4 Bg7 13. Bg5 Qc6 14. Nd2 Nxd3 15. cxd3 Bf5 16. Rac1 Qd6 17. g4 Bxd3 18. Bxf6 Bxf6 19. Rc7+ Qxc7 20. Qxf6+ Kg8 21. Qe6+ Kg7 22. Qf6+ 1/2-1/2